|
|
|
|
| LEADER |
00000nam0a2200000 4500 |
| 001 |
71873 |
| 005 |
20231031082943.0 |
| 010 |
|
|
|a 3131102713
|
| 035 |
|
|
|a (RuTPU)RU\TPU\book\76602
|
| 090 |
|
|
|a 71873
|
| 100 |
|
|
|a 20041227d1999 k y0gery50 ba
|
| 101 |
0 |
|
|a ger
|
| 102 |
|
|
|a DE
|
| 105 |
|
|
|a a z 001zy
|
| 200 |
1 |
|
|a Umweltmedizin: Grundlagen der Umweltmedizin - klinische Umweltmedizin - ökologische Medizin
|e 191 Abbildungen, 225 Tabellen
|
| 210 |
|
|
|a New York
|c Georg Thieme Verlag
|d 1999
|
| 215 |
|
|
|a 740 p.
|c il.
|
| 320 |
|
|
|a Sachverzeichnis: p. 717-740.
|
| 610 |
1 |
|
|a экология
|
| 610 |
1 |
|
|a окружающая среда
|
| 610 |
1 |
|
|a медицина
|
| 610 |
1 |
|
|a экологическая медицина
|
| 610 |
1 |
|
|a вода
|
| 610 |
1 |
|
|a почва
|
| 610 |
1 |
|
|a исследование
|
| 610 |
1 |
|
|a организмы
|
| 610 |
1 |
|
|a среда обитания
|
| 610 |
1 |
|
|a вредные воздействия
|
| 610 |
1 |
|
|a английский язык
|
| 675 |
|
|
|a 574.2
|v 3
|
| 675 |
|
|
|a 614
|v 3
|
| 801 |
|
1 |
|a RU
|b 63413507
|c 20041227
|g PSBO
|
| 801 |
|
2 |
|a RU
|b 63413507
|c 20100914
|g PSBO
|
| 942 |
|
|
|c BK
|
| 959 |
|
|
|a 7/20060208
|d 1
|e 229
|f НФ:1
|